000 00252nam a2200109Ia 4500
005 20251222114407.0
008 251222s1900||||xx |||||||||||||| ||spa||
082 _aDVD0098/P26/1995
245 0 _aOtelo
264 _bCastle Rock Entertainment
942 _cDVD
999 _c1891
_d1891